000 01725cam a2200421 a 4500
001 17166656
003 MaObMVR
005 20131023173437.0
008 120215s2012 nyu d b 001 1 eng
010 _a 2011052211
020 _a9780061730931 (hardback)
040 _aDLC
_cDLC
_dDLC
042 _apcc
_alcac
043 _aa-cb---
050 0 0 _aPZ7.M13679
_bNev 2012
082 0 0 _a[Fic]
_223
084 _aJUV016030
_aJUV004030
_aJUV013000
_2bisacsh
100 1 _aMcCormick, Patricia,
_d1956-
245 1 0 _aNever fall down :
_ba novel /
_cPatricia McCormick.
250 _a1st ed.
260 _aNew York :
_bBalzer + Bray,
_cc2012.
300 _a216 p. ;
_c22 cm.
500 _a"This is a work of fiction based on a true story."--Copyright p.
504 _aIncludes bibliographical references and index.
520 _a"Cambodian child soldier Arn Chorn-Pond defied the odds and used all of his courage and wits to survive the murderous regime of the Khmer Rouge"--
610 2 1 _aParty of Democratic Kampuchea
_vFiction.
650 1 _aSoldiers
_vFiction.
650 1 _aGenocide
_vFiction.
650 7 _aJUVENILE FICTION / Historical / Asia.
_2bisacsh
650 7 _aJUVENILE FICTION / Biographical / Other.
_2bisacsh
650 7 _aJUVENILE FICTION / Family / General (see also headings under Social Issues).
_2bisacsh
651 0 _aCambodia
_xHistory
_y1975-1979
_vJuvenile fiction.
651 1 _aCambodia
_xHistory
_y1975-1979
_vFiction.
856 4 2 _3Cover image
_uwww.harpercollins.com/harperimages/isbn/tiff/1/9780061730931.tif
906 _a7
_bcbc
_corignew
_d1
_eecip
_f20
_gy-gencatlg
942 _2ddc
_cREF
999 _c121676
_d121676